[Event "18. Open de Sants Hostafrancs 2016"]
[Site "Barcelona ESP"]
[Date "2016.08.23"]
[Round "5.32"]
[White "Ros Alonso, Jaume"]
[Black "Brochet, Philippe"]
[Result "0-1"]
[WhiteElo "1977"]
[BlackElo "2401"]
[PlyCount "100"]
[EventDate "2016.08.19"]
[EventType "swiss"]
[EventRounds "10"]
[EventCountry "ESP"]
[SourceTitle "Ajedrez en Madrid"]
[Source "lmi"]
[SourceDate "2016.08.19"]

1. e4 c5 2. Nf3 Nc6 3. d4 cxd4 4. Nxd4 Nf6 5. Nc3 d6 6. Bg5 Bd7 7. Qd2 h6 8.
Bxf6 gxf6 9. O-O-O Nxd4 10. Qxd4 Qa5 11. Kb1 Rc8 12. f4 Qc5 13. Be2 Qxd4 14.
Rxd4 h5 15. Rhd1 Bc6 16. Bb5 Rg8 17. g3 h4 18. R4d3 hxg3 19. hxg3 Bg7 20. Bxc6+
Rxc6 21. Nb5 a6 22. Nd4 Rc8 23. Nf5 Bf8 24. b3 b5 25. a3 Rh8 26. R3d2 Rh3 27.
Kb2 Kd7 28. e5 fxe5 29. fxe5 Rc5 30. Re2 Ke8 31. Rde1 dxe5 32. Rxe5 e6 33. Rxc5
Bxc5 34. b4 Be7 35. Nxe7 Kxe7 36. Re3 f5 37. Rd3 e5 38. a4 e4 39. Re3 Kd6 40.
axb5 axb5 41. Rc3 Rh1 42. Re3 Rg1 43. Kc3 Rg2 44. g4 Rxg4 45. Kd4 Rg1 46. Rc3
Rb1 47. Ke3 Rxb4 48. Kf4 Rc4 49. Rh3 Rxc2 50. Kxf5 Kd5 0-1

[Event "18. Open de Sants Hostafrancs 2016"]
[Site "Barcelona ESP"]
[Date "2016.08.23"]
[Round "5.33"]
[White "Lapshun, Yury"]
[Black "Jeitz, Christian"]
[Result "1-0"]
[WhiteElo "2396"]
[BlackElo "2173"]
[PlyCount "67"]
[EventDate "2016.08.19"]
[EventType "swiss"]
[EventRounds "10"]
[EventCountry "ESP"]
[SourceTitle "Ajedrez en Madrid"]
[Source "lmi"]
[SourceDate "2016.08.19"]

1. d4 Nf6 2. Nf3 g6 3. Bf4 Bg7 4. e3 d6 5. Nbd2 Nbd7 6. Be2 O-O 7. c3 Re8 8.
Nc4 c6 9. a4 b6 10. O-O Qc7 11. h3 Bb7 12. Bh2 a6 13. b4 c5 14. Nfd2 Ne4 15.
Nxe4 Bxe4 16. Rc1 h6 17. f3 Bb7 18. Qd2 Bf8 19. Rfd1 Bc6 20. Qa2 Qa7 21. bxc5
bxc5 22. Na5 Nb8 23. Rb1 Qc7 24. Nxc6 Qxc6 25. Bc4 e6 26. d5 Qd7 27. dxe6 fxe6
28. Rb6 Nc6 29. Qb1 Ne7 30. Rdxd6 Qxa4 31. Bxe6+ Kg7 32. Be5+ Kh7 33. Bg8+ Kxg8
34. Rxg6+ 1-0

[Event "18. Open de Sants Hostafrancs 2016"]
[Site "Barcelona ESP"]
[Date "2016.08.23"]
[Round "5.34"]
[White "Aguero Jimenez, Luis Lazaro"]
[Black "Perez Pastora, Evarist"]
[Result "1-0"]
[WhiteElo "2388"]
[BlackElo "2158"]
[PlyCount "47"]
[EventDate "2016.08.19"]
[EventType "swiss"]
[EventRounds "10"]
[EventCountry "ESP"]
[SourceTitle "Ajedrez en Madrid"]
[Source "lmi"]
[SourceDate "2016.08.19"]

1. d4 Nf6 2. g3 g6 3. Bg2 Bg7 4. e4 d6 5. Nc3 O-O 6. Nge2 e5 7. h3 c6 8. a4 Na6
9. O-O exd4 10. Nxd4 Re8 11. a5 Nc5 12. Re1 Qc7 13. Bf4 Nh5 14. Ndb5 cxb5 15.
Bxd6 Qc6 16. e5 Qa6 17. Bxc5 Be6 18. Qf3 Rac8 19. Bd6 Rc4 20. Bf1 b4 21. Nd5
Qc6 22. Bxc4 Qxc4 23. Nc7 Rc8 24. Nxe6 1-0

[Event "18. Open de Sants Hostafrancs 2016"]
[Site "Barcelona ESP"]
[Date "2016.08.23"]
[Round "5.35"]
[White "Gemy, Jose Daniel"]
[Black "Mihajlov, Svetoslav"]
[Result "1-0"]
[WhiteElo "2384"]
[BlackElo "2154"]
[PlyCount "84"]
[EventDate "2016.08.19"]
[EventType "swiss"]
[EventRounds "10"]
[EventCountry "ESP"]
[SourceTitle "Ajedrez en Madrid"]
[Source "lmi"]
[SourceDate "2016.08.19"]

1. Nf3 d5 2. g3 Nf6 3. Bg2 c6 4. O-O Bf5 5. d3 h6 6. Nbd2 Nbd7 7. Qe1 e5 8. e4
dxe4 9. dxe4 Be6 10. Qe2 Bc5 11. a4 O-O 12. Nh4 Re8 13. h3 g6 14. Kh2 Nh7 15.
Nc4 h5 16. Be3 Qe7 17. Bxc5 Qxc5 18. Ne3 Qe7 19. a5 Nhf6 20. Rfb1 Nc5 21. Nf1
b5 22. axb6 axb6 23. b4 Na4 24. Qe3 b5 25. Nd2 Nd7 26. Ndf3 Kg7 27. Bf1 f6 28.
Nd2 Ndb6 29. f4 Bf7 30. Bd3 Qc7 31. Rg1 Kh7 32. Raf1 exf4 33. gxf4 Nd5 34. Qg3
Nxb4 35. e5 Nxd3 36. cxd3 f5 37. Nxf5 Rg8 38. Nd6 Nc5 39. d4 Ra2 40. Rf2 Ne6
41. N2e4 Rxf2+ 42. Qxf2 Kh8 1-0

[Event "18. Open de Sants Hostafrancs 2016"]
[Site "Barcelona ESP"]
[Date "2016.08.23"]
[Round "5.36"]
[White "Ni, Viktorija"]
[Black "Sasikiran, Krishnan"]
[Result "0-1"]
[WhiteElo "2241"]
[BlackElo "2658"]
[PlyCount "106"]
[EventDate "2016.08.19"]
[EventType "swiss"]
[EventRounds "10"]
[EventCountry "ESP"]
[SourceTitle "Ajedrez en Madrid"]
[Source "lmi"]
[SourceDate "2016.08.19"]

1. d4 e6 2. Nf3 c5 3. c4 cxd4 4. Nxd4 Nf6 5. g3 d5 6. Bg2 e5 7. Nf3 d4 8. O-O
Nc6 9. b4 e4 10. Ng5 Bxb4 11. Nxe4 Nxe4 12. Bxe4 Bh3 13. Bg2 Qd7 14. a3 Be7 15.
Nd2 Bxg2 16. Kxg2 h5 17. Nf3 h4 18. Qb3 Rh5 19. Rb1 O-O-O 20. gxh4 Bxh4 21. Bf4
g5 22. Bg3 Bxg3 23. fxg3 Rdh8 24. Kg1 f5 25. Qb5 g4 26. Nh4 f4 27. c5 fxg3 28.
hxg3 Qc7 29. Qb3 Na5 30. Qe6+ Kb8 31. Qxg4 Rxc5 32. Qf4 Nc4 33. Rb3 Ne3 34.
Qxc7+ Rxc7 35. Rf4 Rc3 36. Rb1 Nc2 37. Rf7 b6 38. Nf3 Rg8 39. Kf2 Nxa3 40. Rh1
Nb5 41. Rd7 Rc7 42. Rhh7 Rxd7 43. Rxd7 a5 44. Rd5 Nc3 45. Rxd4 b5 46. Ne5 a4
47. Nd7+ Kc7 48. Nc5 Kb6 49. Ne6 Ka5 50. Nc5 Rc8 51. Nb7+ Kb6 52. Nd6 Rf8+ 53.
Ke1 a3 0-1

[Event "18. Open de Sants Hostafrancs 2016"]
[Site "Barcelona ESP"]
[Date "2016.08.23"]
[Round "5.37"]
[White "Serarols Mabras, Bernat"]
[Black "Schroeder, Jan-christian"]
[Result "0-1"]
[WhiteElo "2237"]
[BlackElo "2523"]
[PlyCount "80"]
[EventDate "2016.08.19"]
[EventType "swiss"]
[EventRounds "10"]
[EventCountry "ESP"]
[SourceTitle "Ajedrez en Madrid"]
[Source "lmi"]
[SourceDate "2016.08.19"]

1. d4 Nf6 2. c4 e6 3. g3 c5 4. d5 exd5 5. cxd5 d6 6. Nc3 g6 7. Bg2 Bg7 8. Nf3
O-O 9. O-O Re8 10. Bf4 Na6 11. Re1 Bg4 12. h3 Bxf3 13. Bxf3 Nd7 14. Qb3 Ne5 15.
Bxe5 Bxe5 16. a3 Qd7 17. Bg2 Rac8 18. Qc4 Rb8 19. Nb5 Nc7 20. Nxc7 Qxc7 21. Qc2
b5 22. Rab1 c4 23. e3 Qc5 24. Rec1 Rec8 25. Qe2 a5 26. Rc2 a4 27. Rbc1 Kg7 28.
Kh2 Rc7 29. h4 c3 30. bxc3 Qxa3 31. Rb1 Rxc3 32. Ra2 Qc5 33. Rxa4 Rc2 34. Qf3
bxa4 35. Rxb8 Qa7 36. Qe4 Rxf2 37. Rb4 a3 38. Ra4 Qxa4 39. Qxa4 a2 40. h5 a1=Q
0-1

[Event "18. Open de Sants Hostafrancs 2016"]
[Site "Barcelona ESP"]
[Date "2016.08.23"]
[Round "5.38"]
[White "Sohier, Julien"]
[Black "Arenas, David"]
[Result "0-1"]
[WhiteElo "2240"]
[BlackElo "2490"]
[PlyCount "50"]
[EventDate "2016.08.19"]
[EventType "swiss"]
[EventRounds "10"]
[EventCountry "ESP"]
[SourceTitle "Ajedrez en Madrid"]
[Source "lmi"]
[SourceDate "2016.08.19"]

1. d4 Nf6 2. c4 g6 3. Nc3 Bg7 4. e4 d6 5. f3 O-O 6. Be3 c5 7. Nge2 Nc6 8. d5
Na5 9. Ng3 a6 10. Be2 Nd7 11. Qd2 b5 12. cxb5 axb5 13. Rc1 b4 14. Nd1 Nb6 15.
O-O e6 16. b3 exd5 17. exd5 Bb7 18. Bc4 Naxc4 19. bxc4 f5 20. Nf2 Ba6 21. Bg5
Qd7 22. Qd3 Rfe8 23. Nh3 Qa4 24. Rc2 Nxc4 25. Rxc4 Qxa2 0-1

[Event "18. Open de Sants Hostafrancs 2016"]
[Site "Barcelona ESP"]
[Date "2016.08.23"]
[Round "5.39"]
[White "Kobo, Ori"]
[Black "Schippers, Maurice"]
[Result "0-1"]
[WhiteElo "2489"]
[BlackElo "2220"]
[PlyCount "84"]
[EventDate "2016.08.19"]
[EventType "swiss"]
[EventRounds "10"]
[EventCountry "ESP"]
[SourceTitle "Ajedrez en Madrid"]
[Source "lmi"]
[SourceDate "2016.08.19"]

1. e4 c5 2. Nf3 Nc6 3. c3 Nf6 4. e5 Nd5 5. d4 cxd4 6. cxd4 d6 7. Bc4 e6 8. O-O
Be7 9. exd6 Qxd6 10. Nc3 Nxc3 11. bxc3 O-O 12. Ng5 e5 13. d5 Na5 14. Qd3 Bxg5
15. Bxg5 Bf5 16. Qxf5 Nxc4 17. Rad1 b5 18. Rfe1 f6 19. Bc1 Rae8 20. h4 g6 21.
Qb1 a6 22. a4 Rb8 23. axb5 axb5 24. h5 f5 25. Rd3 f4 26. Qb4 Rb6 27. hxg6 hxg6
28. g3 g5 29. gxf4 gxf4 30. Rh3 Qxb4 31. cxb4 Rd8 32. Rh5 Kf7 33. Kh2 Rg6 34.
Rd1 Kf6 35. Rd3 Rdg8 36. Rf3 Rg2+ 37. Kh3 Rg1 38. Bxf4 exf4 39. Rxf4+ Ke7 40.
Rh7+ Kd6 41. Kh2 Nd2 42. Rf6+ Ke5 0-1

[Event "18. Open de Sants Hostafrancs 2016"]
[Site "Barcelona ESP"]
[Date "2016.08.23"]
[Round "5.40"]
[White "Juan Bartroli, Pau"]
[Black "Ducarmon, Quinten"]
[Result "0-1"]
[WhiteElo "2231"]
[BlackElo "2467"]
[PlyCount "64"]
[EventDate "2016.08.19"]
[EventType "swiss"]
[EventRounds "10"]
[EventCountry "ESP"]
[SourceTitle "Ajedrez en Madrid"]
[Source "lmi"]
[SourceDate "2016.08.19"]

1. d4 d5 2. c4 c6 3. Nf3 Nf6 4. e3 Bg4 5. Nc3 e6 6. h3 Bh5 7. g4 Bg6 8. Ne5
Nbd7 9. h4 dxc4 10. Nxg6 hxg6 11. g5 Nd5 12. Bxc4 Be7 13. e4 N5b6 14. Bf1 e5
15. Be3 Qc7 16. Qg4 O-O-O 17. Rc1 exd4 18. Nb5 Bb4+ 19. Ke2 d3+ 20. Kd1 Qe5 21.
Nxa7+ Kb8 22. Nxc6+ bxc6 23. Bf4 Na4 24. Rb1 Ka8 25. Bxe5 Nxe5 26. Qg3 Nc4 27.
Bh3 Rd6 28. e5 Rd5 29. f4 Naxb2+ 30. Rxb2 Nxb2+ 31. Kc1 Rc5+ 32. Kxb2 Bc3+ 0-1

[Event "18. Open de Sants Hostafrancs 2016"]
[Site "Barcelona ESP"]
[Date "2016.08.23"]
[Round "5.41"]
[White "Martorell Aguado, Joan"]
[Black "Sundararajan, Kidambi"]
[Result "0-1"]
[WhiteElo "2206"]
[BlackElo "2442"]
[PlyCount "40"]
[EventDate "2016.08.19"]
[EventType "swiss"]
[EventRounds "10"]
[EventCountry "ESP"]
[SourceTitle "Ajedrez en Madrid"]
[Source "lmi"]
[SourceDate "2016.08.19"]

1. Nf3 Nf6 2. d4 c5 3. g3 cxd4 4. Nxd4 d5 5. Bg2 e5 6. Nb3 Be7 7. O-O O-O 8. c4
d4 9. e3 Nc6 10. exd4 exd4 11. Bg5 Bg4 12. Qd2 h6 13. Bxf6 Bxf6 14. Nc5 Re8 15.
Ne4 Ne5 16. b3 Nf3+ 17. Bxf3 Bxf3 18. Nxf6+ Qxf6 19. Qc1 Re2 20. Nd2 Bc6 0-1

[Event "18. Open de Sants Hostafrancs 2016"]
[Site "Barcelona ESP"]
[Date "2016.08.23"]
[Round "5.43"]
[White "Ayza Leon, David"]
[Black "Gual Pascual, Antonio"]
[Result "1/2-1/2"]
[WhiteElo "2215"]
[BlackElo "2397"]
[PlyCount "126"]
[EventDate "2016.08.19"]
[EventType "swiss"]
[EventRounds "10"]
[EventCountry "ESP"]
[SourceTitle "Ajedrez en Madrid"]
[Source "lmi"]
[SourceDate "2016.08.19"]

1. e4 g6 2. d4 Bg7 3. Nf3 d6 4. Bc4 Nf6 5. Qe2 O-O 6. e5 dxe5 7. dxe5 Nd5 8. h3
Be6 9. O-O Nd7 10. Rd1 c6 11. Bb3 Qc7 12. c4 N5b6 13. Bf4 Nc5 14. Qe3 Nbd7 15.
Bc2 Qb6 16. b3 a5 17. a3 a4 18. b4 Nb3 19. c5 Qa7 20. Bxb3 axb3 21. Qc3 b6 22.
Nd4 Bd5 23. cxb6 Qxb6 24. Nxb3 f6 25. Be3 Qa6 26. exf6 Bxf6 27. Bd4 e5 28. Be3
e4 29. Nd4 Ne5 30. Nd2 Nd3 31. N2b3 Qc8 32. Nc5 Ne5 33. Qc2 Nf3+ 34. gxf3 exf3
35. Kf1 Qxh3+ 36. Ke1 Rfe8 37. Qd3 Bg5 38. Kd2 Bxe3+ 39. fxe3 Qg2+ 40. Kc3 f2
41. a4 Re5 42. a5 Rae8 43. Nc2 Qg5 44. Qd4 Rxe3+ 45. Nxe3 Rxe3+ 46. Nd3 Re4 47.
Qxf2 Rc4+ 48. Kb2 Qg4 49. a6 Rxb4+ 50. Nxb4 Qxb4+ 51. Kc2 Be4+ 52. Rd3 Qc4+ 53.
Kb2 Qxd3 54. a7 Qb5+ 55. Kc3 Qd3+ 56. Kb2 Qb5+ 57. Kc1 Qc4+ 58. Kd1 Qb3+ 59.
Kd2 Qd3+ 60. Ke1 Qc3+ 61. Ke2 Qxa1 62. Qb6 c5 63. Qd8+ Kg7 1/2-1/2

[Event "18. Open de Sants Hostafrancs 2016"]
[Site "Barcelona ESP"]
[Date "2016.08.23"]
[Round "5.44"]
[White "Gonzalez Valero, Julio"]
[Black "Valdes Romero, Leonardo"]
[Result "1/2-1/2"]
[WhiteElo "2200"]
[BlackElo "2386"]
[PlyCount "105"]
[EventDate "2016.08.19"]
[EventType "swiss"]
[EventRounds "10"]
[EventCountry "ESP"]
[SourceTitle "Ajedrez en Madrid"]
[Source "lmi"]
[SourceDate "2016.08.19"]

1. d4 d6 2. Nf3 Nf6 3. Bf4 g6 4. e3 Bg7 5. h3 O-O 6. Be2 c5 7. c3 b6 8. O-O Bb7
9. Nbd2 Nbd7 10. Bh2 a6 11. a4 Qc7 12. Qb3 Rac8 13. Rfd1 Qb8 14. Ne1 Rc7 15.
Bf3 Qa8 16. Bxb7 Qxb7 17. Nef3 Ne4 18. Nxe4 Qxe4 19. Qc4 Qb7 20. Qd3 cxd4 21.
exd4 Rfc8 22. Re1 Nf6 23. Bf4 b5 24. axb5 axb5 25. Ra3 Qd5 26. Ra5 Rb7 27. Nd2
Qc6 28. Rea1 Nd5 29. Be3 Rbb8 30. Ra6 Qd7 31. R1a5 Qe6 32. Ra7 Bf8 33. Nf1 Nc7
34. Nd2 Qd5 35. b3 Qf5 36. Qxf5 gxf5 37. c4 Bg7 38. g3 Bf6 39. Kg2 e6 40. Kf3
Bd8 41. g4 fxg4+ 42. hxg4 bxc4 43. bxc4 Na8 44. Rh5 Nb6 45. c5 dxc5 46. dxc5
Nd5 47. Ne4 Ra8 48. Rd7 Rc7 49. Rxc7 Bxc7 50. Rg5+ Kf8 51. Rh5 Kg8 52. Rg5+ Kf8
53. Rh5 1/2-1/2

[Event "18. Open de Sants Hostafrancs 2016"]
[Site "Barcelona ESP"]
[Date "2016.08.23"]
[Round "5.45"]
[White "Konguvel, Ponnuswamy"]
[Black "Franco Valencia, Beatriz Irene"]
[Result "1/2-1/2"]
[WhiteElo "2379"]
[BlackElo "2192"]
[PlyCount "98"]
[EventDate "2016.08.19"]
[EventType "swiss"]
[EventRounds "10"]
[EventCountry "ESP"]
[SourceTitle "Ajedrez en Madrid"]
[Source "lmi"]
[SourceDate "2016.08.19"]

1. e4 g6 2. d4 Bg7 3. Nc3 c6 4. f4 d5 5. e5 Qb6 6. Be2 Nh6 7. g4 f6 8. h3 fxe5
9. fxe5 Nf7 10. Nf3 Na6 11. a3 O-O 12. Na4 Qa5+ 13. Bd2 Qc7 14. Bxa6 bxa6 15.
Qe2 Nd8 16. O-O-O Ne6 17. Rdf1 c5 18. Nxc5 Nxc5 19. dxc5 Bd7 20. Qe3 Rac8 21.
b4 a5 22. Re1 axb4 23. axb4 a5 24. bxa5 Qxc5 25. Qxc5 Rxc5 26. Re3 Rfc8 27. Ne1
Rc4 28. Ra3 Bxe5 29. a6 Ba4 30. Rf1 Bd6 31. Ra1 Ra8 32. Bh6 e6 33. Rb1 Rb4 34.
Rxb4 Bxb4 35. Nd3 Ba3+ 36. Kd2 Rxa6 37. Rb1 Ra8 38. Rb7 Bf8 39. Bxf8 Rxf8 40.
Nc5 Bc6 41. Rc7 Bb5 42. Nxe6 Re8 43. Ng5 h6 44. Nh7 Re2+ 45. Kc3 Rh2 46. g5 Ba4
47. Nf6+ Kf8 48. Nxd5 Rxh3+ 49. Kd4 Rg3 1/2-1/2

[Event "18. Open de Sants Hostafrancs 2016"]
[Site "Barcelona ESP"]
[Date "2016.08.23"]
[Round "5.46"]
[White "Lujan, Carolina"]
[Black "Pitzanti, Matteo"]
[Result "1-0"]
[WhiteElo "2378"]
[BlackElo "2175"]
[PlyCount "83"]
[EventDate "2016.08.19"]
[EventType "swiss"]
[EventRounds "10"]
[EventCountry "ESP"]
[SourceTitle "Ajedrez en Madrid"]
[Source "lmi"]
[SourceDate "2016.08.19"]

1. e4 c6 2. Nf3 d5 3. Nc3 Nf6 4. e5 Ne4 5. d4 Bg4 6. h3 Bh5 7. Ne2 e6 8. Nf4
Bg6 9. c3 c5 10. Bb5+ Nc6 11. O-O Be7 12. Kh2 Ng5 13. Nxg5 Bxg5 14. dxc5 Rc8
15. Qg4 Be7 16. Be3 O-O 17. Nxg6 hxg6 18. Bd4 Nxd4 19. cxd4 Qa5 20. Qe2 Qb4 21.
Rfd1 a6 22. Bd7 Rcd8 23. a3 Qa5 24. b4 Qc7 25. Ba4 f6 26. Kg1 f5 27. Bc2 Kf7
28. a4 Rh8 29. b5 a5 30. b6 Qb8 31. Qb5 Qa8 32. Bd3 Rh4 33. Bf1 Bg5 34. Ra3
Rhh8 35. Rc3 Rc8 36. Rdd3 Be7 37. Rc2 Rc6 38. Rd1 Rhc8 39. Qb3 Rb8 40. Bb5 Rcc8
41. Bd7 Rd8 42. Qb5 1-0

[Event "18. Open de Sants Hostafrancs 2016"]
[Site "Barcelona ESP"]
[Date "2016.08.23"]
[Round "5.47"]
[White "Jakubowska, Anna"]
[Black "Webersberger, Johann"]
[Result "0-1"]
[WhiteElo "2198"]
[BlackElo "2356"]
[PlyCount "68"]
[EventDate "2016.08.19"]
[EventType "swiss"]
[EventRounds "10"]
[EventCountry "ESP"]
[SourceTitle "Ajedrez en Madrid"]
[Source "lmi"]
[SourceDate "2016.08.19"]

1. e4 e5 2. Nc3 Nf6 3. g3 Bc5 4. Bg2 Nc6 5. Nge2 Nd4 6. d3 d6 7. h3 Bd7 8. Be3
a5 9. Qc1 a4 10. g4 a3 11. b3 h5 12. g5 Nh7 13. Bd2 h4 14. Nb1 Nxe2 15. Kxe2 f6
16. b4 Ba7 17. Nxa3 fxg5 18. Nc4 O-O 19. Be3 Qf6 20. Bxa7 Rxa7 21. Qe3 Rfa8 22.
a3 Nf8 23. Bf3 Ne6 24. Bg4 Nd4+ 25. Kd2 Bxg4 26. hxg4 b6 27. Kc3 Rf8 28. Rh2
Qg6 29. Nd2 c5 30. Qe1 cxb4+ 31. axb4 Rc8+ 32. Nc4 Rxa1 33. Qxa1 b5 34. Qa6 Qe6
0-1

[Event "18. Open de Sants Hostafrancs 2016"]
[Site "Barcelona ESP"]
[Date "2016.08.23"]
[Round "5.48"]
[White "Lorenzo De La Riva, Lazaro"]
[Black "Delizia, Costantino"]
[Result "1-0"]
[WhiteElo "2355"]
[BlackElo "2167"]
[PlyCount "45"]
[EventDate "2016.08.19"]
[EventType "swiss"]
[EventRounds "10"]
[EventCountry "ESP"]
[SourceTitle "Ajedrez en Madrid"]
[Source "lmi"]
[SourceDate "2016.08.19"]

1. e4 e6 2. d4 d5 3. Bd3 dxe4 4. Bxe4 Nf6 5. Bf3 Be7 6. Ne2 e5 7. Nbc3 exd4 8.
Qxd4 Qxd4 9. Nxd4 c6 10. Bg5 h6 11. Bh4 Bb4 12. O-O-O Bxc3 13. bxc3 O-O 14.
Bxf6 gxf6 15. Rhe1 Na6 16. Re4 Nc5 17. Rh4 Kg7 18. Rh5 Na6 19. Be2 Nc7 20. Rd3
Nd5 21. Rg3+ Kh7 22. Bd3+ f5 23. Nxf5 1-0

[Event "18. Open de Sants Hostafrancs 2016"]
[Site "Barcelona ESP"]
[Date "2016.08.23"]
[Round "5.49"]
[White "Montilla Carrillo, Esteban"]
[Black "Guichard, Pauline"]
[Result "1-0"]
[WhiteElo "2190"]
[BlackElo "2353"]
[PlyCount "121"]
[EventDate "2016.08.19"]
[EventType "swiss"]
[EventRounds "10"]
[EventCountry "ESP"]
[SourceTitle "Ajedrez en Madrid"]
[Source "lmi"]
[SourceDate "2016.08.19"]

1. d4 Nf6 2. c4 e6 3. Nf3 Bb4+ 4. Bd2 a5 5. a3 Bxd2+ 6. Nbxd2 Nc6 7. e3 d6 8.
Qc2 e5 9. d5 Ne7 10. Bd3 O-O 11. h3 a4 12. g4 g6 13. e4 c6 14. dxc6 bxc6 15. c5
d5 16. O-O-O Qc7 17. Rde1 Ra5 18. Kb1 Qa7 19. Nxe5 Rxc5 20. Qd1 Be6 21. f4 dxe4
22. Nxe4 Nxe4 23. Bxe4 Rb8 24. Rh2 Nd5 25. Bxd5 Bxd5 26. Nd3 Rc4 27. Nb4 Rd4
28. Rd2 Bf3 29. Qc1 Qd7 30. Rxd4 Qxd4 31. Qe3 Qxe3 32. Rxe3 Bg2 33. Kc1 Kg7 34.
g5 c5 35. Na6 Rc8 36. Rc3 c4 37. Nb4 f5 38. h4 Be4 39. Kd2 Kf7 40. Ke3 Re8 41.
Kd2 Rc8 42. Ke2 Bb7 43. Kf2 Kf8 44. Kg3 Ke7 45. h5 gxh5 46. Kh4 Kd6 47. Kxh5
Rc7 48. Kh6 Kc5 49. Re3 Rf7 50. Re8 Kd4 51. Rh8 Bf3 52. Rxh7 Rxh7+ 53. Kxh7 Bh5
54. Kh6 Be8 55. g6 c3 56. bxc3+ Kxc3 57. Nd5+ Kb3 58. g7 Bf7 59. Nb6 Kxa3 60.
Kg5 Kb4 61. Nxa4 1-0

[Event "18. Open de Sants Hostafrancs 2016"]
[Site "Barcelona ESP"]
[Date "2016.08.23"]
[Round "5.50"]
[White "Diaz Camallonga, Carles"]
[Black "Del Amo Carbo, Jordi"]
[Result "1-0"]
[WhiteElo "2336"]
[BlackElo "2151"]
[PlyCount "65"]
[EventDate "2016.08.19"]
[EventType "swiss"]
[EventRounds "10"]
[EventCountry "ESP"]
[SourceTitle "Ajedrez en Madrid"]
[Source "lmi"]
[SourceDate "2016.08.19"]

1. e4 e5 2. Nf3 Nc6 3. Bb5 a6 4. Ba4 Nf6 5. d3 b5 6. Bb3 Bc5 7. Nc3 d6 8. Nd5
h6 9. c3 Nxd5 10. Bxd5 Bd7 11. O-O Rb8 12. h3 O-O 13. d4 Bb6 14. Be3 Re8 15. a3
Qf6 16. Kh2 Rbd8 17. Qd2 Ne7 18. Bb3 Ng6 19. Bc2 Bc6 20. d5 Bxe3 21. fxe3 Bd7
22. Nd4 Qe7 23. Nf5 Bxf5 24. exf5 Nf8 25. f6 gxf6 26. Qf2 e4 27. Qg3+ Ng6 28.
Rf5 Kg7 29. Raf1 h5 30. R1f4 Qd7 31. Rxf6 h4 32. Qg5 Re5 33. Rxf7+ 1-0

[Event "18. Open de Sants Hostafrancs 2016"]
[Site "Barcelona ESP"]
[Date "2016.08.23"]
[Round "5.51"]
[White "Porta Tovar, Oriol"]
[Black "Tate, Alan"]
[Result "1-0"]
[WhiteElo "2170"]
[BlackElo "2329"]
[PlyCount "63"]
[EventDate "2016.08.19"]
[EventType "swiss"]
[EventRounds "10"]
[EventCountry "ESP"]
[SourceTitle "Ajedrez en Madrid"]
[Source "lmi"]
[SourceDate "2016.08.19"]

1. e4 c5 2. Nf3 d6 3. d4 Nf6 4. Nc3 cxd4 5. Nxd4 a6 6. Be3 e5 7. Nb3 Be6 8. f3
h5 9. Qd2 Nbd7 10. Nd5 Bxd5 11. exd5 g6 12. c4 Bg7 13. Be2 a5 14. Rc1 a4 15.
Na1 e4 16. f4 Ng4 17. Bxg4 hxg4 18. O-O Qh4 19. g3 Qh5 20. b4 axb3 21. axb3 Nc5
22. b4 Nd3 23. Rb1 f5 24. Nb3 Nxb4 25. Nd4 Ra2 26. Rb2 Rxb2 27. Qxb2 Nd3 28.
Qa2 Nc5 29. Ne6 Nxe6 30. dxe6 O-O 31. c5 d5 32. e7 1-0

[Event "18. Open de Sants Hostafrancs 2016"]
[Site "Barcelona ESP"]
[Date "2016.08.23"]
[Round "5.80"]
[White "Lasinskas, Povilas"]
[Black "Gurrutxaga Telleria, Jose Luis"]
[Result "1-0"]
[WhiteElo "2229"]
[BlackElo "2095"]
[PlyCount "62"]
[EventDate "2016.08.19"]
[EventType "swiss"]
[EventRounds "10"]
[EventCountry "ESP"]
[SourceTitle "Ajedrez en Madrid"]
[Source "lmi"]
[SourceDate "2016.08.19"]

1. d4 Nf6 2. c4 e6 3. Nc3 Bb4 4. f3 c5 5. a3 Ba5 6. e3 O-O 7. Bd3 d5 8. Nge2
Nc6 9. dxc5 dxc4 10. Bxc4 Qxd1+ 11. Kxd1 Ne5 12. Ba2 Bd7 13. b4 Bc7 14. e4 b6
15. Be3 a5 16. Kc2 axb4 17. axb4 Nc6 18. Rab1 b5 19. Nd4 Be5 20. Ndxb5 Rfb8 21.
Bc4 Bxc3 22. Kxc3 Ne8 23. Ra1 Ne5 24. Rxa8 Rxa8 25. Bf4 Nc6 26. Rd1 Nf6 27. Bg5
Rc8 28. Nd6 Ra8 29. Nxf7 Ra3+ 30. Bb3 Be8 31. Nd6 Bd7 1-0

[Event "18. Open de Sants Hostafrancs 2016"]
[Site "Barcelona ESP"]
[Date "2016.08.24"]
[Round "6.1"]
[White "Bachmann, Axel"]
[Black "Grigoryan, Karen H"]
[Result "1/2-1/2"]
[WhiteElo "2656"]
[BlackElo "2533"]
[PlyCount "41"]
[EventDate "2016.08.19"]
[EventType "swiss"]
[EventRounds "10"]
[EventCountry "ESP"]
[SourceTitle "Ajedrez en Madrid"]
[Source "lmi"]
[SourceDate "2016.08.19"]

1. d4 d5 2. Bf4 c5 3. e3 cxd4 4. exd4 Nc6 5. c3 Nf6 6. Bd3 Bg4 7. Qb3 Qc8 8.
Nd2 e6 9. h3 Bh5 10. Ngf3 Be7 11. a4 a6 12. O-O O-O 13. Qc2 Bg6 14. Bxg6 hxg6
15. a5 Qd8 16. Nb3 Nd7 17. Qe2 b6 18. Ra2 b5 19. g4 Re8 20. Bg3 Nf6 21. Ne5
1/2-1/2

[Event "18. Open de Sants Hostafrancs 2016"]
[Site "Barcelona ESP"]
[Date "2016.08.24"]
[Round "6.2"]
[White "Zeng, Chongsheng"]
[Black "Ma, Qun"]
[Result "1/2-1/2"]
[WhiteElo "2538"]
[BlackElo "2621"]
[PlyCount "39"]
[EventDate "2016.08.19"]
[EventType "swiss"]
[EventRounds "10"]
[EventCountry "ESP"]
[SourceTitle "Ajedrez en Madrid"]
[Source "lmi"]
[SourceDate "2016.08.19"]

1. e4 e5 2. Nf3 Nc6 3. Bb5 Nf6 4. O-O Nxe4 5. d4 Nd6 6. Bxc6 dxc6 7. dxe5 Nf5
8. Qxd8+ Kxd8 9. h3 Ke8 10. Nc3 b6 11. Bf4 Bb4 12. Ne4 Ba6 13. Rfc1 Be2 14.
Nfd2 Bxd2 15. Nxd2 Nd4 16. Be3 Nf5 17. Bf4 Nd4 18. Be3 Nf5 19. Bf4 Nd4 20. Be3
1/2-1/2